| 000 | 00476nam a2200157 i 4500 | ||
|---|---|---|---|
| 001 | 35755 | ||
| 003 | ES-MaACL | ||
| 005 | 20230906155214.0 | ||
| 007 | t| | ||
| 008 | 030214s1914 fr ||||1| fre d | ||
| 100 | 1 |
_aBouillier, Victor. _930884 |
|
| 245 | 1 | 0 |
_aGeorg Christoph Lichtenberg (1742-1799) _b: essai sur sa vie et ses oeuvres litteraires / _cVictor Bouillier. |
| 260 |
_aParis : _bRenonard, _c1914. |
||
| 300 |
_aXIII, 248 p. ; _c22 cm. |
||
| 852 |
_aES-MaACL _jF-1820 |
||
| 999 |
_c35755 _d35755 |
||